000 00737nam a2200181Ia 4500
008 100917s9999 xx 000 0 und d
082 _b36183
100 _aकेळकर भालबा - निवेदक
245 _aशेरलॉक होम्सच्या चातुर्य कथा भा. 4था
260 _bसरीता प्रकाशन
_c1973
300 _a96
365 _b5
520 _aबालविभाग
630 _aशेरलॉक होम्सच्या चातुर्य कथा भा. 4था
650 _aबालविभाग
730 _aशेरलॉक होम्सच्या चातुर्य कथा भा. 4था
942 _cBOOK
999 _c641577
_d641574